| 000 | 01406cab a2200493 4500 | ||
|---|---|---|---|
| 001 | ABS55154 | ||
| 008 | 090401t1996 xxu||||| |||| 00| 0 eng d | ||
| 035 | _a(Sirsi) u14557 | ||
| 041 | _aeng | ||
| 245 | _aMarket report: South London and Surrey | ||
| 260 | _c1996 | ||
| 350 | _a0 | ||
| 490 |
_aProperty Week _v55(6) 9 May 1996, 40-59(10) |
||
| 650 | _aANCHOR BUSINESS PARK | ||
| 650 | _aBEXLEY | ||
| 650 | _aBLENHEIM TRADE CENTRE | ||
| 650 | _aBROMLEY | ||
| 650 | _aCROYDON | ||
| 650 | _aFOUR SEASONS INDUSTRIAL ESTATE | ||
| 650 | _aGUILDFORD BUSINESS PARK | ||
| 650 | _aGUILDFORD | ||
| 650 | _aINDUSTRIAL MARKET | ||
| 650 | _aKINGSTON-UPON-THAMES | ||
| 650 | _aLADYMEAD RETAIL PARK | ||
| 650 | _aMERTON | ||
| 650 | _aNELSON TRADING ESTATE | ||
| 650 | _aOFFICE DEVELOPMENT | ||
| 650 | _aPROPERTY-COMMERCIAL PROPERTY-OFFICE PROPERTY-OFFICE PROPERTY MARKET | ||
| 650 | _aPUBLIC TRANSPORT | ||
| 650 | _aRETAIL DEVELOPMENT | ||
| 650 | _aPROPERTY-COMMERCIAL PROPERTY-RETAIL PROPERTY-RETAIL PROPERTY MARKET | ||
| 650 | _aRICHMOND RETAIL PARK | ||
| 650 | _aRICHMOND | ||
| 650 | _aSOUTH LONDON | ||
| 650 | _aST GEORGES INDUSTRIAL ESTATE | ||
| 650 | _aSURREY | ||
| 650 | _aSUTTON | ||
| 650 | _aWAREHOUSING | ||
| 650 | _aWIMBLEDON | ||
| 650 | _aWOKING | ||
| 690 | _aPROPERTY-COMMERCIAL PROPERTY-COMMERCIAL PROPERTY MARKET | ||
| 942 | _n0 | ||
| 948 | _c04/03/1997 | ||
| 999 |
_c9497 _d9497 |
||